000 00378 a2200169 4500
001 70586
020 _a8573191341
040 _cAnchieta - Itaigara
100 _aShakespeare, William
240 1 0 _aA comédia de erros
_lpor
245 1 0 _aA comédia de erros
300 _a50
362 0 _a1996
440 1 _aDimensão
650 4 _aLiteratura infanto-juvenil
942 _cBK
999 _c70586
_d70586